000 00475cam a2200145 4500500
005 20251012032440.0
041 _afre
042 _adc
100 1 0 _aMotoret, Laurence
_eauthor
245 0 0 _aM.I.B. de Barry Sonnenfeld. « Un bon étranger est un étranger secret»
260 _c1999.
500 _a58
786 0 _nSigila | 3 | 2 | 1999-12-20 | p. 149-151 | 1286-1715
856 4 1 _uhttps://shs.cairn.info/revue-sigila-1999-1-page-149?lang=fr&redirect-ssocas=7080
999 _c1547293
_d1547293